Vida y transmutaciones de los átomos / (Registro nro. 129538)

Detalles MARC
000 -LEADER
campo de control de longitud fija 00789nam a2200253 i 4500
001 - NÚMERO DE CONTROL
campo de control 129538
003 - IDENTIFICADOR DE NÚMERO DE CONTROL
campo de control ES-MaACL
005 - FECHA Y HORA DE LA ÚLTIMA TRANSACCIÓN
campo de control 20231205142504.0
007 - CAMPO FIJO DE DESCRIPCIÓN FÍSICA--INFORMACIÓN GENERAL
campo de control de longitud fija t|
008 - DATOS DE LONGITUD FIJA--INFORMACIÓN GENERAL
campo de control de longitud fija 070626s1945 ag ||||1| spa d
080 ## - NÚMERO DE LA CLASIFICACIÓN DECIMAL UNIVERSAL
Número de la Clasificación Decimal Universal 539.1(04)
080 ## - NÚMERO DE LA CLASIFICACIÓN DECIMAL UNIVERSAL
Número de la Clasificación Decimal Universal 523.03(04)
080 ## - NÚMERO DE LA CLASIFICACIÓN DECIMAL UNIVERSAL
Número de la Clasificación Decimal Universal 530.14(04)
100 1# - ENTRADA PRINCIPAL--NOMBRE DE PERSONA
Nombre de persona Thibaud, Jean.
9 (RLIN) 109915
245 10 - MENCIÓN DEL TÍTULO
Título Vida y transmutaciones de los átomos /
Mención de responsabilidad, etc. Juan Thibaud ; traducción del francés por Xavier Zubiri.
250 ## - MENCION DE EDICION
Mención de edición 4ª ed.
260 ## - PUBLICACIÓN, DISTRIBUCIÓN, ETC.
Lugar de publicación, distribución, etc. [Buenos Aires] :
Nombre del editor, distribuidor, etc. Espasa-Calpe,
Fecha de publicación, distribución, etc. [1945]
300 ## - DESCRIPCIÓN FÍSICA
Extensión 259 p. :
Otras características físicas il. ;
Dimensiones 20 cm.
490 1# - MENCIÓN DE SERIE
Mención de serie Nueva ciencia, nueva técnica
700 1# - ENTRADA AGREGADA--NOMBRE PERSONAL
Nombre de persona Zubiri, Xavier,
Fechas asociadas al nombre 1898-1983
9 (RLIN) 118406
830 0# - PUNTO DE ACCESO ADICIONAL DE SERIE-TÍTULO UNIFORME
Título uniforme Nueva ciencia, nueva técnica
9 (RLIN) 181572
852 ## - LOCALIZACIÓN
Ubicación ES-MaACL
Número de control de estantería D-5437
Sublocalización o colección R.31511
Existencias
Estatus retirado Estado de pérdida Estado de daño No para préstamo Biblioteca de origen Biblioteca actual Ubicación en estantería Fecha de adquisición Fuente de adquisición Total de préstamos Signatura topográfica completa Código de barras Visto por última vez Precio de reemplazo Tipo de ítem Koha
        Biblioteca del Ateneo de Madrid Biblioteca del Ateneo de Madrid Sala Valle Inclán 17/01/2008     D-5437 901134891 23/02/2023 23/02/2023 Libro impreso